Stress analysis of fiber-reinforced composite materials
The book focuses on the mechanical aspects of fiber-reinforced composite materials, it discusses the stress due to applied deformations, applied loads, and temperature changes
Αποθηκεύτηκε σε:
| Κύριος συγγραφέας: | |
|---|---|
| Μορφή: | Βιβλίο |
| Γλώσσα: | Undetermined |
| Έκδοση: |
New York
McGraw-Hill
1998
|
| Θέματα: | |
| Ετικέτες: |
Προσθήκη ετικέτας
Δεν υπάρχουν, Καταχωρήστε ετικέτα πρώτοι!
|
| Thư viện lưu trữ: | Trung tâm Học liệu Trường Đại học Cần Thơ |
|---|
| LEADER | 00762nam a2200205Ia 4500 | ||
|---|---|---|---|
| 001 | CTU_30762 | ||
| 008 | 210402s9999 xx 000 0 und d | ||
| 020 | |b 255.000đ | ||
| 082 | |a 620.118 | ||
| 082 | |b H992 | ||
| 100 | |a M W Hyer | ||
| 245 | 0 | |a Stress analysis of fiber-reinforced composite materials | |
| 245 | 0 | |c M W Hyer, Scott R White | |
| 260 | |a New York | ||
| 260 | |b McGraw-Hill | ||
| 260 | |c 1998 | ||
| 520 | |a The book focuses on the mechanical aspects of fiber-reinforced composite materials, it discusses the stress due to applied deformations, applied loads, and temperature changes | ||
| 650 | |a composite materials,fibrous composites,laminated materials | ||
| 904 | |i Minh, 990528 | ||
| 980 | |a Trung tâm Học liệu Trường Đại học Cần Thơ | ||